000 00347nam a2200145Ia 4500
005 20251222144633.0
008 251222s9999||||xx |||||||||||||| ||spa||
020 _a9788425426278
082 _a121/G84
100 _aGuardans, Teresa
245 0 _aLa Verdad del Silencio
250 _a1ra.ed.
264 _bHerder Edsitorial, S.L.
942 _cLIB
999 _c16384
_d16384